|
|
|
|
| LEADER |
00772cam a2200217 7i4500 |
| 001 |
0000005182 |
| 005 |
20190515090000.0 |
| 020 |
|
|
|a 0768003148 (hbk.)
|
| 020 |
|
|
|a 9780768003147
|
| 090 |
0 |
0 |
|a TJ759
|b .P55 1999
|
| 100 |
1 |
|
|a Plint, Michael
|
| 245 |
1 |
0 |
|a Engine testing :
|b theory and practice
|c Michael Plint and Anthony Martyr.
|
| 260 |
|
|
|a Warrendale, PA:
|b SAE International,
|c 1999.
|
| 300 |
|
|
|a xx, 362 p.:
|b ill.;
|c 24 cm.
|
| 500 |
|
|
|a Includes index
|
| 650 |
0 |
0 |
|a Internal combustion engines --
|x Testing
|
| 700 |
1 |
|
|a Martyr, Anthony
|
| 997 |
|
|
|a Engineering & Life Sciences, Faculty
|b Engineering, Department
|
| 998 |
|
|
|a Mechanical Engineering, Degree
|
| 998 |
|
|
|a Mechanical Engineering, Diploma
|
| 999 |
|
|
|a 0000002544
|b BOK
|c OPEN SHELF
|e 2nd Floor, Bestari Jaya
|